000 00348cam a22001217a 4500
008 180718b-- xxu||||| |||| 00| 0 eng d
082 _aA45:BA27 T
100 _aIndia. Ministry of Tribal Affairs
245 _aAnnual report
260 _aNew Delhi
_bThe author
_c--
500 _aLibrary has 2000/01-2006/07, 2008/09-2009/10
650 _aTribes - India
999 _c477599
_d477599